[Event "Finkenstein Open"]
[Site "?"]
[Date "2000.08.15"]
[Round "5.8"]
[White "Kock, Hans-Uwe"]
[Black "Schippel, Gert"]
[Result "0-1"]
[WhiteElo "2167"]
[BlackElo "2016"]
[PlyCount "130"]

1. d4 Nf6 2. c4 e5 3. dxe5 Ng4 4. Nh3 Nxe5 5. e3 g6 6. Nc3 Bg7 7. Be2 d6 8. Nf4
O-O 9. Bd2 Nbd7 10. O-O Re8 11. Rc1 f5 12. b4 c6 13. Qb3 Nf6 14. Rfd1 Qe7 15.
c5+ d5 16. Bf1 Nfg4 17. h3 Nf6 18. Nfe2 g5 19. Nd4 Kh8 20. Qc2 Ne4 21. Nxe4
fxe4 22. Be2 g4 23. hxg4 Nxg4 24. Bc3 Qh4 25. Bxg4 Bxg4 26. Qd2 Be5 27. Ne2
Qh2+ 28. Kf1 Qh1+ 29. Ng1 Bf3 30. gxf3 exf3 31. Qd3 Qg2+ 32. Ke1 Qxg1+ 33. Qf1
Qxf1+ 34. Kxf1 Bxc3 35. Rxc3 Rg8 36. Rd4 Raf8 37. a4 Rg5 38. Rf4 Kg7 39. b5 Rh5
40. Rg4+ Kh6 41. Rg1 Rh4 42. bxc6 bxc6 43. Ke1 Rxa4 44. Rg3 Ra2 45. Rb3 Rf5 46.
Rh3+ Rh5 47. Rxh5+ Kxh5 48. Rb7 Kg6 49. Rc7 Ra6 50. Rc8 Kf5 51. Kd2 h5 52. Rf8+
Kg4 53. Rf4+ Kh3 54. Rxf3+ Kg2 55. Rf6 h4 56. f4 h3 57. Rg6+ Kf1 58. f5 h2 59.
Rh6 Ra2+ 60. Kd3 Kg1 61. e4 dxe4+ 62. Kxe4 h1=Q+ 63. Rxh1+ Kxh1 64. Ke5 Rd2 65.
f6 a5 0-1

[Event "Finkenstein Open"]
[Site "?"]
[Date "2000.08.15"]
[Round "5.9"]
[White "Boskovic, Martin"]
[Black "Siegmund, Rainer"]
[Result "0-1"]
[WhiteElo "1968"]
[BlackElo "2143"]
[PlyCount "56"]

1. d4 Nf6 2. c4 e6 3. Nc3 Bb4 4. e3 c5 5. a3 Bxc3+ 6. bxc3 d6 7. Nf3 Nc6 8.
dxc5 dxc5 9. Qxd8+ Kxd8 10. Bd3 Ke7 11. Ke2 b6 12. e4 e5 13. Bg5 Be6 14. Rhd1
h6 15. Bh4 g5 16. Bg3 Nd7 17. Nd2 Na5 18. f3 f6 19. Rab1 Nb8 20. Bf2 Na6 21. g3
Rad8 22. Ke3 Nc7 23. Be2 Ne8 24. f4 Nd6 25. f5 Bxc4 26. Kf3 Bxe2+ 27. Kxe2 Nac4
28. a4 Nxd2 0-1

[Event "Finkenstein Open"]
[Site "?"]
[Date "2000.08.15"]
[Round "5.10"]
[White "Scholvin, Bjoern"]
[Black "Giessmann, Andreas"]
[Result "1/2-1/2"]
[WhiteElo "1929"]
[BlackElo "2122"]
[PlyCount "56"]

1. e4 e6 2. Qe2 a6 3. a4 c5 4. Nf3 Nc6 5. d3 d6 6. g3 Be7 7. Bg2 Nf6 8. Nbd2
Rb8 9. O-O O-O 10. Re1 Re8 11. Nf1 Bd7 12. b3 Qc7 13. Bb2 b5 14. axb5 axb5 15.
e5 Nd5 16. exd6 Bxd6 17. Ne5 Nxe5 18. Bxe5 Bxe5 19. Qxe5 Qxe5 20. Rxe5 f6 21.
Ree1 Nb4 22. Ne3 Bc6 23. Bxc6 Nxc6 24. Ra6 Rec8 25. Rea1 Kf7 26. Kf1 Ke7 27.
Ke2 Rb7 28. Kd2 Rbb8 1/2-1/2

[Event "Finkenstein Open"]
[Site "?"]
[Date "2000.08.15"]
[Round "5.11"]
[White "Androsch, Guenther"]
[Black "Bruns, Michael"]
[Result "0-1"]
[WhiteElo "1887"]
[BlackElo "2107"]
[PlyCount "48"]

1. e4 Nf6 2. e5 Nd5 3. Nf3 d6 4. exd6 cxd6 5. d4 g6 6. c4 Nb6 7. Be2 Bg7 8. O-O
O-O 9. Be3 Nc6 10. h3 Bf5 11. Nc3 Rc8 12. Rc1 d5 13. c5 Nc4 14. Bxc4 dxc4 15.
d5 Nb4 16. g4 Bd3 17. Re1 Nxd5 18. Bd4 Bxd4 19. Nxd4 Nf4 20. Nf3 Nxh3+ 21. Kg2
Nf4+ 22. Kg1 Rxc5 23. Ne4 Rd5 24. Nc3 Be2 0-1

[Event "Finkenstein Open"]
[Site "?"]
[Date "2000.08.15"]
[Round "5.12"]
[White "Kummer, Heinz"]
[Black "Wagner, Stephan"]
[Result "1/2-1/2"]
[WhiteElo "1878"]
[BlackElo "2044"]
[PlyCount "55"]

1. e4 c5 2. Nf3 Nc6 3. d4 cxd4 4. Nxd4 Nf6 5. Nc3 e5 6. Ndb5 d6 7. Bg5 a6 8.
Bxf6 gxf6 9. Na3 f5 10. exf5 Bxf5 11. Nd5 Bg7 12. c3 b5 13. Nc2 O-O 14. Be2 Rc8
15. O-O Be6 16. Nce3 f5 17. f3 Qg5 18. f4 Qd8 19. Rf3 Ne7 20. Nxe7+ Qxe7 21.
Nd5 Qb7 22. Rd3 e4 23. Rd2 Rc5 24. Ne3 d5 25. Nc2 a5 26. Nd4 Bd7 27. Nb3 Rc7
28. Rxd5 1/2-1/2

[Event "Finkenstein Open"]
[Site "?"]
[Date "2000.08.15"]
[Round "5.13"]
[White "Brauer, Christian"]
[Black "Smajkic, Serif"]
[Result "1-0"]
[WhiteElo "2158"]
[BlackElo "1878"]
[PlyCount "92"]

1. Nf3 Nc6 2. d4 d5 3. Bf4 Nf6 4. h3 e6 5. e3 a6 6. Nbd2 Bd6 7. c3 Bxf4 8. exf4
O-O 9. Bd3 Ne7 10. O-O c5 11. g3 b6 12. Ne5 Bb7 13. Ndf3 Ne4 14. Ng5 h6 15.
Nxe4 dxe4 16. Bc2 cxd4 17. cxd4 Nf5 18. Re1 e3 19. fxe3 Qd5 20. e4 Qxd4+ 21.
Qxd4 Nxd4 22. Bd1 Rfc8 23. b3 Rc3 24. Kf2 Nc2 25. Rc1 Rac8 26. Nc4 b5 27. Rxc2
Rxc2+ 28. Bxc2 bxc4 29. b4 Kf8 30. Rd1 Ke7 31. Ke3 a5 32. b5 Rc5 33. a4 e5 34.
fxe5 Rxe5 35. Kd4 f6 36. Re1 Kd6 37. Kxc4 Rc5+ 38. Kb3 Bc8 39. h4 Be6+ 40. Kb2
Rc4 41. Rd1+ Kc7 42. Re1 h5 43. Re3 Rb4+ 44. Kc3 Bc4 45. e5 fxe5 46. Rxe5 g6
1-0

[Event "Finkenstein Open"]
[Site "?"]
[Date "2000.08.15"]
[Round "5.14"]
[White "Eichhorn, Alfred"]
[Black "Thallinger, Werner"]
[Result "1/2-1/2"]
[WhiteElo "2122"]
[BlackElo "1855"]
[PlyCount "42"]

1. e4 c5 2. Nf3 d6 3. d4 Nf6 4. Nc3 cxd4 5. Nxd4 a6 6. Bc4 Qc7 7. Bb3 Nc6 8.
Nf3 e6 9. h3 Be7 10. Be3 Bd7 11. Nd2 Na5 12. Qe2 Nxb3 13. Nxb3 Bc6 14. Bf4 b6
15. O-O-O Qb7 16. f3 d5 17. exd5 Nxd5 18. Nxd5 Bxd5 19. Be5 f6 20. Bc3 O-O 21.
Nd4 Rfe8 1/2-1/2

[Event "Finkenstein Open"]
[Site "?"]
[Date "2000.08.15"]
[Round "5.15"]
[White "Bumberger, Emmerich"]
[Black "Kuttnig, Roland"]
[Result "1-0"]
[WhiteElo "1878"]
[BlackElo "2072"]
[PlyCount "71"]

1. d4 b5 2. e4 Bb7 3. f3 a6 4. Bd3 e6 5. Be3 Nf6 6. Nd2 d5 7. e5 Nfd7 8. c3 c5
9. Rc1 Nc6 10. Ne2 Qb6 11. f4 Be7 12. Nf3 O-O 13. h4 f6 14. dxc5 Bxc5 15. Ned4
Nxd4 16. cxd4 Bb4+ 17. Kf2 fxe5 18. dxe5 Bc5 19. Bxh7+ Kh8 20. Rxc5 Nxc5 21. b4
Qc6 22. Nd4 Qe8 23. bxc5 Kxh7 24. Qg4 Bc8 25. Nf3 Rf5 26. Ng5+ Kg8 27. h5 Ra7
28. h6 Qg6 29. h7+ Kh8 30. Qh4 Rd7 31. Bd4 a5 32. c6 Rc7 33. Nxe6 Rcf7 34. Qd8+
Rf8 35. Nxf8 Rxf4+ 36. Kg1 1-0

[Event "Finkenstein Open"]
[Site "?"]
[Date "2000.08.15"]
[Round "5.16"]
[White "Grom, Waldemar"]
[Black "Gallob, Alois"]
[Result "1-0"]
[WhiteElo "2045"]
[BlackElo "1846"]
[PlyCount "131"]

1. c4 Nf6 2. Nc3 g6 3. d4 c5 4. Nf3 cxd4 5. Nxd4 Nc6 6. e3 d6 7. Be2 Bg7 8. a3
O-O 9. Nxc6 bxc6 10. Bf3 Qc7 11. Bd2 Rb8 12. b4 Ba6 13. Be2 Bb7 14. Rc1 c5 15.
Nb5 Qb6 16. O-O a6 17. Nc3 cxb4 18. axb4 e6 19. b5 d5 20. Na4 Qd8 21. c5 axb5
22. Bxb5 Ne4 23. Bb4 Bc6 24. Bxc6 Rxb4 25. f3 Qc7 26. Bxd5 exd5 27. fxe4 dxe4
28. Nb6 Rxb6 29. cxb6 Qxb6 30. Qe2 Bh6 31. Rfe1 f5 32. Kh1 Rd8 33. Qa2+ Kh8 34.
Rb1 Qc7 35. Qa6 Bg7 36. Rec1 Qd7 37. g3 Qe8 38. Rc6 g5 39. Rf1 Qd7 40. Re6 Rf8
41. Rd6 Qf7 42. Qc6 Be5 43. Rd5 Qg7 44. Qe6 Bc7 45. Rdxf5 Rxf5 46. Qxf5 Qe7 47.
Qf8+ Qxf8 48. Rxf8+ Kg7 49. Re8 Kf7 50. Rxe4 Kf6 51. Kg2 h5 52. Rc4 Bd6 53. h3
Kf5 54. g4+ hxg4 55. hxg4+ Ke5 56. Kf3 Kd5 57. Rc8 Ke5 58. Re8+ Kf6 59. Ke4 Kf7
60. Rd8 Bg3 61. Kf5 Bh4 62. e4 Ke7 63. Rd5 Kf7 64. e5 Ke7 65. e6 Ke8 66. Rd7
1-0

[Event "Finkenstein Open"]
[Site "?"]
[Date "2000.08.15"]
[Round "5.17"]
[White "Piber, Vincencij"]
[Black "Huber, David"]
[Result "1-0"]
[WhiteElo "2024"]
[BlackElo "1743"]
[PlyCount "51"]

1. e4 d5 2. exd5 Nf6 3. d4 Qxd5 4. Nc3 Qa5 5. Nf3 Ne4 6. Bd2 Nxd2 7. Qxd2 Bf5
8. O-O-O e6 9. d5 exd5 10. Bb5+ c6 11. Qxd5 Be6 12. Rhe1 Be7 13. Rxe6 O-O 14.
Bxc6 Qxd5 15. Bxd5 fxe6 16. Bxb7 Na6 17. Bxa6 Bf6 18. Ne4 Rfe8 19. Bc4 Kf8 20.
Nfg5 Rab8 21. Nxh7+ Ke7 22. Nhxf6 gxf6 23. Nc5 Rec8 24. Rd7+ Ke8 25. Rb7 Ra8
26. Bb5+ 1-0

[Event "Finkenstein Open"]
[Site "?"]
[Date "2000.08.15"]
[Round "5.18"]
[White "Nixdorf, Manuel"]
[Black "Hodac, Herbert"]
[Result "1/2-1/2"]
[WhiteElo "1333"]
[BlackElo "1927"]
[PlyCount "45"]

1. Nf3 g6 2. c4 Bg7 3. d4 d6 4. e4 Nf6 5. Nc3 O-O 6. Be2 Bg4 7. Be3 Na6 8. O-O
c6 9. h3 Bd7 10. Qd2 Qc7 11. Bh6 e5 12. Bxg7 Kxg7 13. d5 Rad8 14. a3 Nh5 15.
Bd3 Nc5 16. Bc2 Rc8 17. b4 Na6 18. Rac1 Nf4 19. Ne2 Nxe2+ 20. Qxe2 cxd5 21.
cxd5 Qb6 22. Bb1 Nc7 23. Qd2 1/2-1/2

[Event "Finkenstein Open"]
[Site "?"]
[Date "2000.08.15"]
[Round "5.19"]
[White "Cordes, Till"]
[Black "Legat, Albert"]
[Result "1/2-1/2"]
[WhiteElo "1516"]
[BlackElo "1913"]
[PlyCount "36"]

1. e4 e5 2. f4 d5 3. exd5 exf4 4. Nf3 Nf6 5. Bb5+ Bd7 6. Bc4 Bd6 7. O-O O-O 8.
Nc3 Bg4 9. d4 Nbd7 10. Qd2 Nb6 11. Bb3 a6 12. Ne5 g5 13. g3 Bxe5 14. dxe5 Nh5
15. Qf2 fxg3 16. hxg3 Nd7 17. Re1 Qe7 18. Qe3 Rae8 1/2-1/2

[Event "Finkenstein Open"]
[Site "?"]
[Date "2000.08.15"]
[Round "5.20"]
[White "Nikolic, Stanko"]
[Black "Regatschnig, Horst"]
[Result "1/2-1/2"]
[WhiteElo "2115"]
[BlackElo "1800"]
[PlyCount "126"]

1. e4 b6 2. d4 Bb7 3. Nc3 e6 4. a3 Nf6 5. Bg5 Be7 6. Bxf6 Bxf6 7. Nf3 g6 8. Bc4
d6 9. Qe2 Bg7 10. O-O O-O 11. Rfe1 a5 12. Rad1 Qe7 13. Bb3 Na6 14. Qd2 Rfe8 15.
Qf4 Rad8 16. Qg3 c5 17. d5 e5 18. h4 h6 19. h5 g5 20. Ne2 b5 21. c4 bxc4 22.
Bxc4 Nc7 23. Nd2 Rb8 24. b3 Bc8 25. Nf1 f5 26. exf5 Bxf5 27. Ne3 Bd7 28. Qh2
Rf8 29. g4 Kh8 30. Ng3 Rf4 31. Qh3 Nb5 32. Nef5 Qf8 33. a4 Nd4 34. Nxd4 cxd4
35. Nf5 Bxf5 36. gxf5 Rxf5 37. Re2 Qf6 38. Bd3 Rf4 39. Rc1 Rf8 40. Rc8 g4 41.
Rxf8+ Bxf8 42. Qg2 Qg5 43. Bg6 Rf3 44. Rc2 d3 45. Rc8 d2 46. Bc2 Kg7 47. Rc7+
Be7 48. Kf1 Kf6 49. Rc4 Rf4 50. Bd1 g3 51. Rxf4+ exf4 52. Qe4 Kg7 53. Qd4+ Bf6
54. Qxd2 gxf2 55. Kxf2 Qg3+ 56. Kf1 Bc3 57. Qg2 Qxg2+ 58. Kxg2 Kf6 59. Kh3 Ke5
60. Bf3 Be1 61. Kg4 Bd2 62. Bg2 Bb4 63. Bf3 Be1 1/2-1/2

[Event "Finkenstein Open"]
[Site "?"]
[Date "2000.08.16"]
[Round "6.1"]
[White "Hummel, Markus"]
[Black "Jeric, Simon"]
[Result "0-1"]
[WhiteElo "2174"]
[BlackElo "2333"]
[PlyCount "69"]
[EventDate "2000.??.??"]

1. e4 c5 2. c3 Nf6 3. e5 Nd5 4. d4 cxd4 5. Nf3 e6 6. cxd4 b6 7. Nc3 Nxc3 8.
bxc3 Qc7 9. Bd2 Bb7 10. Bd3 d6 11. O-O Nd7 12. Re1 dxe5 13. Nxe5 Nxe5 14. Rxe5
Bd6 15. Rh5 g6 16. Bb5+ Ke7 17. Qg4 Kd8 18. Rh6 a6 19. Be2 f5 20. Qh4+ Kc8 21.
Qf6 Re8 22. Qh4 Re7 23. c4 Kb8 24. c5 bxc5 25. dxc5 Bxc5 26. Rc1 Qb6 27. Kf1 e5
28. Rxh7 Rxh7 29. Qxh7 Bxf2 30. Qh8+ Ka7 31. Qxe5 Bg1 32. Qf4 Re8 33. Re1 Re4
34. Qf3 Rg4 35. Be3 0-1

[Event "Finkenstein Open"]
[Site "?"]
[Date "2000.08.16"]
[Round "6.2"]
[White "Fercec, Nenad"]
[Black "Basagic, Zlatko"]
[Result "1-0"]
[WhiteElo "2458"]
[BlackElo "2338"]
[PlyCount "73"]
[EventDate "2000.??.??"]

1. e4 d6 2. d4 Nf6 3. Nc3 g6 4. f4 Bg7 5. Nf3 Bg4 6. h3 Bxf3 7. Qxf3 c6 8. Be3
e6 9. g4 h5 10. g5 Nh7 11. f5 gxf5 12. exf5 Nxg5 13. Qg3 Bf6 14. h4 Nh7 15.
fxe6 fxe6 16. Ne4 Be7 17. O-O-O Nf8 18. Bf4 d5 19. Bc7 Qd7 20. Nd6+ Bxd6 21.
Bxd6 Na6 22. Bd3 O-O-O 23. Be5 Rh7 24. Bxh7 Qxh7 25. Rhg1 Nd7 26. Qg6 Qe7 27.
Qxh5 Qb4 28. a3 Qa4 29. Kb1 b5 30. Qe2 b4 31. Rg3 c5 32. Bd6 Qc6 33. dxc5 Naxc5
34. Bxc5 Nxc5 35. axb4 Ne4 36. Rg7 Qb6 37. Rf1 1-0

[Event "Finkenstein Open"]
[Site "?"]
[Date "2000.08.16"]
[Round "6.3"]
[White "Siegmund, Rainer"]
[Black "Horvath, Peter"]
[Result "0-1"]
[WhiteElo "2143"]
[BlackElo "2434"]
[PlyCount "120"]
[EventDate "2000.??.??"]

1. d4 d5 2. Nf3 Nf6 3. c4 e6 4. Nc3 Bb4 5. Bg5 Nbd7 6. cxd5 exd5 7. e3 c5 8.
Qc2 Qa5 9. Bd3 c4 10. Bf5 O-O 11. O-O Re8 12. Nd2 g6 13. Bh3 Bxc3 14. Qxc3 Qxc3
15. bxc3 Ne4 16. Nxe4 dxe4 17. Bxd7 Bxd7 18. Rfb1 b5 19. Bf4 a6 20. Rb2 Bc6 21.
Rab1 Ra7 22. h3 f6 23. Bd6 Kf7 24. a3 Rd7 25. Bg3 Ra8 26. Kf1 Ke6 27. Ke2 Kd5
28. Rf1 Re7 29. Kd2 Rae8 30. Rbb1 h5 31. h4 Ra8 32. Rb2 Rb7 33. Rfb1 g5 34. Rh1
Rh7 35. Kc2 Rg8 36. Kd2 Ra8 37. Kc2 Be8 38. Kd2 Rg7 39. Kc2 Rd7 40. Kd2 Rb7 41.
Kc2 a5 42. Kd2 Rb6 43. Kc2 Ke6 44. Kd2 Rb7 45. Rhb1 Bc6 46. Ke2 Kf5 47. Bd6
gxh4 48. Rh1 Kg4 49. Rbb1 Ra6 50. Rbg1 Bd5 51. f3+ Kg5 52. Bc5 b4 53. Rb1 bxc3
54. Rxb7 Bxb7 55. Rc1 h3 56. f4+ Kh4 57. gxh3 Kxh3 58. Rb1 Kg4 59. Kd1 h4 60.
Ke2 60... h3 {Rest nicht nachvollziehbar (Zeitnot)} 0-1

[Event "Finkenstein Open"]
[Site "?"]
[Date "2000.08.16"]
[Round "6.4"]
[White "Bruns, Michael"]
[Black "Kiss, Attila"]
[Result "0-1"]
[WhiteElo "2107"]
[BlackElo "2338"]
[PlyCount "50"]
[EventDate "2000.??.??"]

1. Nf3 c5 2. g3 b6 3. Bg2 Bb7 4. O-O g6 5. c4 Bg7 6. Nc3 Nf6 7. b3 O-O 8. Bb2
Na6 9. Re1 e6 10. d3 d5 11. cxd5 exd5 12. Nd2 Qd7 13. e4 Nb4 14. e5 Ne8 15. Nf3
Ba6 16. Bf1 Nc7 17. Nh4 Rae8 18. f4 f6 19. Nf3 fxe5 20. Nxe5 Bxe5 21. Rxe5 Rxe5
22. fxe5 Qf5 23. Bg2 Qf2+ 24. Kh1 Qxb2 25. a3 Nxd3 0-1

[Event "Finkenstein Open"]
[Site "?"]
[Date "2000.08.16"]
[Round "6.5"]
[White "Fucak, Emilijo"]
[Black "Neulinger, Manfred"]
[Result "1-0"]
[WhiteElo "2334"]
[BlackElo "2286"]
[PlyCount "103"]
[EventDate "2000.??.??"]

1. e4 c6 2. d4 d5 3. exd5 cxd5 4. Bd3 Nc6 5. c3 Qc7 6. h3 e6 7. Nf3 h6 8. O-O
Nf6 9. Re1 Bd6 10. Na3 a6 11. c4 O-O 12. c5 Bf4 13. Bxf4 Qxf4 14. Nc2 Ne4 15.
Qc1 Qxc1 16. Raxc1 f5 17. Rcd1 Bd7 18. Nd2 e5 19. Nb3 Rae8 20. dxe5 Nxe5 21.
Bf1 Bc6 22. Ncd4 Ba4 23. Rc1 Bxb3 24. Nxb3 Nc6 25. Red1 Nf6 26. f3 Kf7 27. Kf2
f4 28. Rc3 Ke6 29. a3 g5 30. Na1 Kd7 31. Nc2 Kc7 32. b4 Re5 33. Rcd3 Rfe8 34.
R3d2 Re3 35. a4 Rc3 36. b5 axb5 37. axb5 Na5 38. Nb4 Rxc5 39. Nxd5+ Nxd5 40.
Rxd5 Rxd5 41. Rxd5 b6 42. h4 Rg8 43. Rf5 Rg6 44. Rf7+ Kd6 45. h5 Re6 46. Rh7
Rf6 47. Bd3 Nb3 48. Bg6 Nd4 49. Rxh6 Nxb5 50. Rh8 Nc7 51. Be4 Ne6 52. h6 1-0

[Event "Finkenstein Open"]
[Site "?"]
[Date "2000.08.16"]
[Round "6.6"]
[White "Sebenik, Matej"]
[Black "Hicker, Harald"]
[Result "1-0"]
[WhiteElo "2287"]
[BlackElo "2145"]
[PlyCount "61"]
[EventDate "2000.??.??"]

1. d4 d5 2. c4 c6 3. Nc3 Nf6 4. Nf3 Bf5 5. Qb3 Qb6 6. c5 Qxb3 7. axb3 Na6 8. e4
dxe4 9. Bxa6 bxa6 10. Ne5 Nd7 11. Nxc6 e5 12. Nd5 Rc8 13. Nxa7 Rb8 14. c6 Nf6
15. c7 Ra8 16. c8=Q+ Rxc8 17. Nxf6+ gxf6 18. Nxc8 Bxc8 19. dxe5 fxe5 20. Ra4 f5
21. Be3 Rg8 22. g3 Rg6 23. O-O Bd7 24. Rc4 h5 25. Rd1 h4 26. Rc7 Bd6 27. Ra7
Bb5 28. Rc1 Be7 29. Rcc7 Bd8 30. Rh7 Rg8 31. Ra8 1-0

[Event "Finkenstein Open"]
[Site "?"]
[Date "2000.08.16"]
[Round "6.7"]
[White "Schippel, Gert"]
[Black "Keller, Manfred"]
[Result "1/2-1/2"]
[WhiteElo "2016"]
[BlackElo "2200"]
[PlyCount "83"]
[EventDate "2000.??.??"]

1. Nf3 Nf6 2. c4 g6 3. Nc3 d5 4. cxd5 Nxd5 5. e4 Nxc3 6. dxc3 Qxd1+ 7. Kxd1 Bg7
8. Bf4 c6 9. Kc2 Nd7 10. Bc4 b5 11. Be2 Nc5 12. Nd2 f5 13. f3 fxe4 14. fxe4 Rf8
15. Be3 Na4 16. Nb3 Be6 17. Nc5 Nxc5 18. Bxc5 Rf4 19. Bf3 Bg4 20. Be3 Rxf3 21.
gxf3 Bxf3 22. Rhe1 Bxe4+ 23. Kd2 Bf5 24. Re2 a5 25. Ke1 Bf6 26. Rd2 Kf7 27.
Rad1 b4 28. Bd4 Bg5 29. Rg2 Bf4 30. Bf2 Bh3 31. Rg1 Be6 32. a3 bxa3 33. bxa3
Bd5 34. Bg3 Be3 35. Rf1+ Ke6 36. Bf2 Bg5 37. Bd4 Rb8 38. Kf2 Rb2+ 39. Kg3 Rg2+
40. Kh3 Rc2 41. Rf2 Rxf2 42. Bxf2 1/2-1/2

[Event "Finkenstein Open"]
[Site "?"]
[Date "2000.08.16"]
[Round "6.8"]
[White "Scholvin, Bjoern"]
[Black "Brauer, Christian"]
[Result "0-1"]
[WhiteElo "1929"]
[BlackElo "2158"]
[PlyCount "66"]
[EventDate "2000.??.??"]

1. e4 e6 2. d3 c5 3. Nf3 Nc6 4. g3 d6 5. Bg2 g6 6. O-O Bg7 7. Re1 Nge7 8. Nbd2
O-O 9. Nf1 Rb8 10. h4 b5 11. Ne3 a5 12. Ng4 h5 13. Nh6+ Kh8 14. g4 hxg4 15.
Nxg4 e5 16. Nfh2 Ng8 17. Re3 Nf6 18. Rh3 Nh5 19. Be3 Nd4 20. c3 Ne6 21. Nf1
Nef4 22. Rh1 Nxd3 23. Qxd3 Bxg4 24. Ng3 b4 25. Bh3 Bxh3 26. Rxh3 Nf4 27. Bxf4
exf4 28. Ne2 bxc3 29. bxc3 Be5 30. Qd2 Qf6 31. f3 Kg7 32. Kf2 Rh8 33. Rah1 Rh5
0-1

[Event "Finkenstein Open"]
[Site "?"]
[Date "2000.08.16"]
[Round "6.9"]
[White "Giessmann, Andreas"]
[Black "Bumberger, Emmerich"]
[Result "1/2-1/2"]
[WhiteElo "2072"]
[BlackElo "1878"]
[PlyCount "158"]
[EventDate "2000.??.??"]

1. Nf3 c5 2. b3 b5 3. e3 b4 4. a3 Bb7 5. axb4 cxb4 6. c4 e6 7. d4 Nf6 8. Bd3
Bd6 9. Nbd2 Nc6 10. e4 Bf4 11. Bb2 a5 12. O-O Ng4 13. h3 h5 14. g3 Bxd2 15.
Qxd2 Nf6 16. Rfe1 Rh6 17. d5 Ne7 18. Nd4 Kf8 19. e5 Nh7 20. d6 Nc6 21. h4 Kg8
22. Nb5 Nf8 23. Qe3 Ng6 24. Re2 Nxh4 25. gxh4 Qxh4 26. Qg3 Nxe5 27. Qxh4 Nf3+
28. Kf1 Nxh4 29. Be4 Bxe4 30. Rxe4 Nf5 31. c5 f6 32. Nd4 Nxd4 33. Rxd4 e5 34.
Rc4 Kf7 35. Bc1 Rhh8 36. Be3 Ke6 37. c6 dxc6 38. Rxc6 Rhd8 39. Rd1 Rd7 40. Bc5
a4 41. bxa4 Rxa4 42. Rb6 g5 43. Bxb4 Ra8 44. Rb5 Ra6 45. Rb8 Raa7 46. Re8+ Kf5
47. Re7 Kg6 48. Rc1 h4 49. Rc7 Rxe7 50. dxe7 Ra8 51. Rd7 Re8 52. Bd6 e4 53. Kg2
g4 54. Rb7 f5 55. Kf1 Kf6 56. Bf4 h3 57. Kg1 Kf7 58. Bg5 Kg6 59. Bh4 Kh5 60.
Bg3 Kg6 61. Kh2 Kf7 62. Bd6 Ke6 63. Bb4 f4 64. Rb6+ Kf7 65. Bd6 e3 66. fxe3
fxe3 67. Rb3 Rc8 68. Rxe3 Rc2+ 69. Kg3 Rg2+ 70. Kh4 Ke8 71. Ra3 Re2 72. Kxg4
Kd7 73. Bc5 h2 74. Rh3 Rc2 75. Ba3 Ra2 76. Rh8 Re2 77. Kg3 h1=Q 78. Rxh1 Re3+
79. Kf4 Rxa3 1/2-1/2

[Event "Finkenstein Open"]
[Site "?"]
[Date "2000.08.16"]
[Round "6.10"]
[White "Wagner, Stephan"]
[Black "Grom, Waldemar"]
[Result "1-0"]
[WhiteElo "2044"]
[BlackElo "1875"]
[PlyCount "117"]
[EventDate "2000.??.??"]

1. c4 c6 2. Nc3 Nf6 3. e4 d6 4. d4 Nbd7 5. f3 a6 6. Bd3 b5 7. b3 Bb7 8. Be3 e6
9. Nge2 Be7 10. O-O Rc8 11. Ng3 b4 12. Nce2 c5 13. d5 Ne5 14. f4 Nxd3 15. Qxd3
O-O 16. Bc1 exd5 17. exd5 Rc7 18. Nf5 Bc8 19. Neg3 Re8 20. Bb2 Bf8 21. Rae1 Bd7
22. Re2 Rxe2 23. Qxe2 g6 24. Ne3 Bg7 25. f5 Qe7 26. Qf3 g5 27. Kh1 Rc8 28. Bxf6
Bxf6 29. Ne4 Re8 30. Ng4 Bg7 31. Re1 Qd8 32. f6 Bf8 33. Re3 Qc8 34. Ngf2 g4 35.
Qf4 h6 36. Rg3 Bf5 37. h3 h5 38. hxg4 hxg4 39. Nd2 Re1+ 40. Kh2 Bg6 41. Nxg4
Qd8 42. Qf2 Qe8 43. Rh3 Re5 44. Nxe5 Qxe5+ 45. Kh1 Qg5 46. Qh4 Qxh4 47. Rxh4 a5
48. Kg1 Bc2 49. Kf2 a4 50. Ke3 a3 51. g4 Bd1 52. Kd3 Bg7 53. fxg7 Kxg7 54. Ne4
Kg6 55. Nxd6 Kg5 56. Rh7 Kxg4 57. Rxf7 Kg3 58. Ne4+ Kg2 59. Nxc5 1-0

[Event "Finkenstein Open"]
[Site "?"]
[Date "2000.08.16"]
[Round "6.11"]
[White "Kummer, Heinz"]
[Black "Piber, Vinko"]
[Result "0-1"]
[WhiteElo "1878"]
[BlackElo "2024"]
[PlyCount "74"]
[EventDate "2000.??.??"]

1. e4 e6 2. d3 c5 3. Nd2 d5 4. Ngf3 Nc6 5. g3 g6 6. Bg2 Bg7 7. O-O Nge7 8. Re1
b6 9. Qe2 O-O 10. Nf1 a5 11. h4 h6 12. N1h2 dxe4 13. dxe4 e5 14. c3 a4 15. Be3
Ba6 16. Qc2 Bd3 17. Qc1 Kh7 18. Rd1 c4 19. Ne1 f5 20. h5 f4 21. gxf4 exf4 22.
Bxf4 g5 23. Bg3 Ne5 24. Bxe5 Bxe5 25. Nxd3 cxd3 26. Qd2 a3 27. Ng4 Bf4 28. Ne3
axb2 29. Qxb2 Nc6 30. e5 Rc8 31. Be4+ Kh8 32. Rxd3 Qe8 33. Bg6 Qe6 34. Rad1
Bxe5 35. Rd7 Ne7 36. Qb3 Qh3 37. Rxe7 Qh2+ 0-1

[Event "Finkenstein Open"]
[Site "?"]
[Date "2000.08.16"]
[Round "6.12"]
[White "Kranabetter, Anton"]
[Black "Kock, Hans-uwe"]
[Result "0-1"]
[WhiteElo "1843"]
[BlackElo "2167"]
[PlyCount "56"]
[EventDate "2000.??.??"]

1. e4 c6 2. d4 d5 3. exd5 cxd5 4. Bd3 Nc6 5. c3 Nf6 6. Bg5 e6 7. Nf3 Be7 8.
Nbd2 h6 9. Bh4 a6 10. O-O O-O 11. Qe2 Nh5 12. Bxe7 Qxe7 13. Bc2 Nf4 14. Qe3 g5
15. h4 f6 16. hxg5 hxg5 17. Rfe1 Qg7 18. Nf1 Kf7 19. Ng3 Rh8 20. Nh2 Bd7 21. f3
f5 22. Nhf1 Qh6 23. Qd2 Rag8 24. Bd1 Ne7 25. a4 Neg6 26. Ne3 Qh2+ 27. Kf1 Nh3
28. Ke2 Ngf4+ 0-1

[Event "Finkenstein Open"]
[Site "?"]
[Date "2000.08.16"]
[Round "6.13"]
[White "Orsario, Wolfgang"]
[Black "Eichhorn, Alfred"]
[Result "1-0"]
[WhiteElo "1818"]
[BlackElo "2122"]
[PlyCount "71"]
[EventDate "2000.??.??"]

1. d4 Nf6 2. Nf3 g6 3. e3 Bg7 4. Bc4 O-O 5. c3 d6 6. Nbd2 Nbd7 7. O-O c5 8. Re1
Rb8 9. a4 b6 10. d5 a6 11. Qe2 b5 12. axb5 axb5 13. Bxb5 Nxd5 14. Bd3 Qc7 15.
Nc4 N7b6 16. e4 Nxc4 17. Bxc4 Nb6 18. Bd3 Bd7 19. Nd2 Ra8 20. Rxa8 Rxa8 21. h4
Qc8 22. Qe3 Be6 23. Qg5 Qf8 24. Qg3 Ra1 25. f4 f5 26. exf5 Bxf5 27. Nc4 Nd5 28.
Rf1 Bh6 29. Be2 Nf6 30. Nd2 Qg7 31. Bf3 Kf8 32. Re1 Nd7 33. Ne4 Bxe4 34. Bxe4
Rxc1 35. Rxc1 Bxf4 36. Qxf4+ 1-0

[Event "Finkenstein Open"]
[Site "?"]
[Date "2000.08.16"]
[Round "6.14"]
[White "Thallinger, Werner"]
[Black "Lenic, Luka"]
[Result "0-1"]
[WhiteElo "1855"]
[BlackElo "2061"]
[PlyCount "140"]
[EventDate "2000.??.??"]

1. c4 g6 2. Nc3 Bg7 3. d4 Nf6 4. e4 d6 5. Nf3 O-O 6. Be2 e5 7. O-O Nc6 8. d5
Ne7 9. h3 Nd7 10. Ne1 f5 11. Nd3 Nf6 12. f3 f4 13. Nf2 Nh5 14. Nh1 Bf6 15. Bd2
Bh4 16. Be1 Bxe1 17. Qxe1 g5 18. Kh2 Ng6 19. Nd1 Qf6 20. Nhf2 Ng3 21. Ng4 Bxg4
22. fxg4 Nxf1+ 23. Qxf1 Nh4 24. Bf3 Rf7 25. Nf2 Nxf3+ 26. gxf3 Qh6 27. Nd3 Qh4
28. Qe1 Qxe1 29. Rxe1 Kg7 30. Kg2 Kf6 31. Rh1 h5 32. Nf2 hxg4 33. Nxg4+ Kg6 34.
Rc1 Rh7 35. b4 Rah8 36. Nf2 Rc8 37. c5 Rhh8 38. c6 b5 39. Rc3 a5 40. Nd3 Ra8
41. Rb3 axb4 42. Nxb4 Ra5 43. a3 Kh5 44. Nc2 Rha8 45. Kh2 Kh4 46. Kg2 Kh5 47.
Kf2 Kg6 48. Kg2 Kf6 49. Kh2 Ke7 50. Rb1 Rh8 51. Rg1 Rh5 52. Rb1 Kd8 53. Rb3 Kc8
54. Nb4 Kb8 55. Na2 Ka7 56. Nc3 Ka6 57. Kg2 Rh8 58. Kh2 Rb8 59. Kg2 b4 60. axb4
Ra1 61. b5+ Kb6 62. Rb2 Rba8 63. Kf2 R8a3 64. Nd1 R1a2 65. Rxa2 Rxa2+ 66. Kf1
Ra3 67. Kg2 Kxb5 68. Nf2 Ra2 69. Kf1 Rxf2+ 70. Kxf2 Kc4 0-1

[Event "Finkenstein Open"]
[Site "?"]
[Date "2000.08.16"]
[Round "6.15"]
[White "Schlanitz, Egon"]
[Black "Androsch, Guenther"]
[Result "1/2-1/2"]
[WhiteElo "2042"]
[BlackElo "1887"]
[PlyCount "38"]
[EventDate "2000.??.??"]

1. Nf3 d6 2. g3 Nf6 3. Bg2 g6 4. c4 Bg7 5. Nc3 O-O 6. O-O Nbd7 7. d3 e5 8. Rb1
a5 9. a3 c6 10. b4 axb4 11. axb4 Re8 12. Nd2 Nf8 13. b5 Bd7 14. Qc2 Ne6 15. e3
Ng5 16. Nde4 Ngxe4 17. Nxe4 Nxe4 18. Bxe4 Qc8 19. Qb3 c5 1/2-1/2